Obras maestras del arte español : (Record no. 197624)

MARC details
000 -LEADER
campo de control de longitud fija 01995nam a2200481 i 4500
001 - NÚMERO DE CONTROL
campo de control 197624
003 - IDENTIFICADOR DE NÚMERO DE CONTROL
campo de control ES-MaACL
005 - FECHA Y HORA DE LA ÚLTIMA TRANSACCIÓN
campo de control 20250805062652.0
007 - CAMPO FIJO DE DESCRIPCIÓN FÍSICA--INFORMACIÓN GENERAL
campo de control de longitud fija ta
008 - DATOS DE LONGITUD FIJA--INFORMACIÓN GENERAL
campo de control de longitud fija 980209s1996 sp a bc 000 0 spa d
010 ## - NÚMERO DE CONTROL DE LA BIBLIOTECA DEL CONGRESO
Número de control de LC 98112895
017 ## - NÚMERO DE COPYRIGHT O DE DEPÓSITO LEGAL
Número de copyright o de depósito legal M 43204-1996
020 ## - NÚMERO INTERNACIONAL ESTÁNDAR DEL LIBRO
Número Internacional Estándar del Libro 8486022886
035 ## - NÚMERO DE CONTROL DEL SISTEMA
Número de control de sistema (OCoLC)38221084
035 ## - NÚMERO DE CONTROL DEL SISTEMA
Número de control de sistema 1202933
040 ## - FUENTE DE CATALOGACIÓN
Centro catalogador/agencia de origen IMO
Centro/agencia transcriptor IMO
Centro/agencia modificador DLC
Lengua de catalogación spa
042 ## - CÓDIGO DE AUTENTICACIÓN
Código de autenticación lccopycat
043 ## - CÓDIGO DE ÁREA GEOGRÁFICA
Código de área geográfica e-sp---
-- e-hu---
050 00 - SIGNATURA TOPOGRÁFICA DE LA BIBLIOTECA DEL CONGRESO
Número de clasificación ND804
Número de ítem .O22 1996
245 00 - MENCIÓN DEL TÍTULO
Título Obras maestras del arte español :
Resto del título Museo de Bellas Artes de Budapest /
Mención de responsabilidad, etc. Banco Bilbao Vizcaya, Madrid, diciembre de 1996-febrero de 1997 ; Museo de Bellas Artes, Bilbao, febrero-abril de 1997.
260 ## - PUBLICACIÓN, DISTRIBUCIÓN, ETC.
Lugar de publicación, distribución, etc. [Madrid] :
Nombre del editor, distribuidor, etc. Banco Bilbao Vizcaya ,
Fecha de publicación, distribución, etc. c1996.
300 ## - DESCRIPCIÓN FÍSICA
Extensión 187 páginas :
Otras características físicas ilustraciones principalmente a color ;
Dimensiones 29 cm.
336 ## - TIPO DE CONTENIDO
Fuente rdacontent
Término de tipo de contenido texto
337 ## - TIPO DE MEDIO
Fuente rdamedia
Nombre/término del tipo de medio sin mediación
338 ## - TIPO DE SOPORTE
Fuente rdacarrier
Nombre/término del tipo de soporte volumen
500 ## - NOTA GENERAL
Nota general Ensayos de Eva Nyerges y Francisco Calvo Serraller; catálogo de Eva Nyerges.
504 ## - NOTA DE BIBLIOGRAFÍA, ETC.
Nota de bibliografía, etc. Incluye referencias bibliográficas (páginas 180-187).
610 20 - PUNTO DE ACCESO ADICIONAL DE MATERIA--NOMBRE DE ENTIDAD CORPORATIVA
Nombre de entidad corporativa o nombre de jurisdicción como elemento de entrada Szépművészeti Múzeum (Hungría)-
Subdivisión general Exposiciones
9 (RLIN) 240982
650 #4 - PUNTO DE ACCESO ADICIONAL DE MATERIA--TÉRMINO DE MATERIA
Término de materia o nombre geográfico como elemento de entrada Pintura española-
9 (RLIN) 16035
Subdivisión de forma Exposiciones
650 #4 - PUNTO DE ACCESO ADICIONAL DE MATERIA--TÉRMINO DE MATERIA
Término de materia o nombre geográfico como elemento de entrada Pintura-
Subdivisión geográfica Hungría
9 (RLIN) 240983
655 #7 - TERMINO DE INDIZACIÓN--GENERO/FORMA
Fuente del término tgfbne
9 (RLIN) 193628
Datos o término principal de género/forma Catálogos de exposiciones
700 1# - ENTRADA AGREGADA--NOMBRE PERSONAL
Nombre de persona Nyerges, Éva.
Término indicativo de función/relación Comisario
9 (RLIN) 240984
700 ## - ENTRADA AGREGADA--NOMBRE PERSONAL
Nombre de persona Calvo Serraller, Francisco,
Fechas asociadas al nombre 1948-2018
9 (RLIN) 235031
Término indicativo de función/relación Autor
710 2# - ENTRADA AGREGADA--NOMBRE DE ENTIDAD CORPORATIVA
Nombre de entidad corporativa o nombre de jurisdicción como elemento de entrada Szépművészeti Múzeum (Hungary)
9 (RLIN) 240985
710 2# - ENTRADA AGREGADA--NOMBRE DE ENTIDAD CORPORATIVA
Nombre de entidad corporativa o nombre de jurisdicción como elemento de entrada Banco Bilbao Vizcaya
9 (RLIN) 2087
710 2# - ENTRADA AGREGADA--NOMBRE DE ENTIDAD CORPORATIVA
Nombre de entidad corporativa o nombre de jurisdicción como elemento de entrada Museo de Bellas Artes de Bilbao
9 (RLIN) 5844
852 ## - LOCALIZACIÓN
Ubicación ES-MaACL
Ubicación en estantería Depósito 1
Número de control de estantería A-15712
Donativo/Legado Donación: Fernando Codina Rodríguez
Encuadernación Encuadernación rústica
itemnumber 206070
903 ## - NOMBRE PERSONAL DE DONANTE
a Codina Rodríguez, Fernando
e Donante
9 238631
942 ## - ELEMENTOS DE ENTRADA SECUNDARIOS (KOHA)
Suprimir en OPAC No
Tipo de ítem Koha Libro impreso
Holdings
Estatus retirado Estado de pérdida Fuente del sistema de clasificación o colocación Estado de daño No para préstamo Biblioteca de origen Biblioteca actual Ubicación en estantería Fecha de adquisición Fuente de adquisición Total de préstamos Signatura topográfica completa Visto por última vez Precio de reemplazo Tipo de ítem Koha
    Clasificación decimal universal     Biblioteca del Ateneo de Madrid Biblioteca del Ateneo de Madrid Depósito 1 23/06/2025 Donación   A-15712 23/06/2025 23/06/2025 Libro impreso